| 000 | 00634nam a2200229Ia 4500 | ||
|---|---|---|---|
| 005 | 20260429112253.0 | ||
| 008 | 260429s9999||||xx |||||||||||||| ||und|| | ||
| 020 | _a9781032469348 | ||
| 041 | _aEnglish | ||
| 082 |
_a344.4303 _bLIM |
||
| 100 | _aLimante, Agne | ||
| 245 | 0 |
_aGender-based violence and the law : _bglobal perspectives and eastern European practices / _cAgne Limante |
|
| 250 | _a1st ed. | ||
| 260 |
_aLondon : _bRoutledge, _c2024. |
||
| 300 | _axix, 256 p.; hb | ||
| 650 | _a Gender | ||
| 650 | _a Violence | ||
| 650 | _aLaw | ||
| 700 | _a Tereskinas Arturas | ||
| 700 | _a Vaiciuniene, Ruta | ||
| 942 | _cTB | ||
| 999 |
_c53229 _d53229 |
||